| 000 | 00806nam a2200229 i 4500 | ||
|---|---|---|---|
| 001 | 29711 | ||
| 003 | ES-MaACL | ||
| 005 | 20250630152415.0 | ||
| 007 | t| | ||
| 008 | 030122s1912 sp d |||| |cspa d | ||
| 080 | _a929(460.27) | ||
| 100 | 1 |
_aBallesteros Robles, Luis. _925062 |
|
| 245 | 1 | 0 |
_aDiccionario biográfico matritense / _cLuis Ballesteros Robles. |
| 260 |
_aMadrid : _bAyuntamiento, _c1912 ( _fImp. Municipal) |
||
| 300 |
_aXII, 702 p. ; _c29 cm. |
||
| 530 | _aDisponible en formato digital. | ||
| 650 | 4 |
_aMadrileños- _xBiografías. _914727 |
|
| 852 |
_aES-MaACL _jG-5968 _cDEPO2 |
||
| 856 | 4 |
_uhttps://bibliotecavirtualmadrid.comunidad.madrid/bvmadrid_publicacion/es/consulta/registro.do?id=1704 _yBiblioteca Digital de la Comunidad de Madrid |
|
| 942 | _2udc | ||
| 999 |
_c29711 _d29711 |
||